000 01221nam0a22003251 4500
001 v19\rc\1862916
005 20251118180202.9
035 _a(NLR Aleph) 004956021
090 _a5933257
_c5933257
100 _a20080221d1909 u y0rusy50 ca
101 0 _arus
102 _aRU
105 _aa z |||||
200 1 _aГербарий
_eНаставление для собирания и засушивания растений для гербария и для составления флорист. коллекций
_fП.В. Сюзев
205 _a3-е изд., испр. и доп.
210 _aЮрьев
_cО-во естествоиспытателей при Юрьев. ун-те
_d1909
215 _a112 с.
_cил.
_d23
316 _aЭкз. РНБ (38.79.7.117): 2-й экз. с автогр. авт.
_5NLR: 38.79.7.117
700 1 _aСюзев
_bП.В.
_f1867-1928
_gПавел Васильевич
801 0 _aRU
_bNLR
_gpsbo
801 0 _aRU
_bRuMoRGB
_2psbo
801 1 _aRU
_bProSoft-M
_2rusmarc
852 _aNLR
_j38.79.7.117
899 _aНБ СПбГУ
899 _aНБ МГУ
899 _aRuMoRGB
_jU 282/279
899 _aRuMoRGB
_jU 396/474
899 _aБАН
942 _cBOOK
980 _aNB